Regions of Ethiopia With a Map - Statistics

General Stats
  • This quiz has been taken 3,957 times
  • The average score is 7 of 13
Answers on the Map
Answers color-coded by a green-red scale on the quiz's map according to % correct below.
 
Answer Stats
Type Region % Correct
Chartered Cities Addis Ababa
91%
Regions Somali
86%
Regions Tigray
77%
Regions Amhara
68%
Regions Oromia
68%
Regions Afar
62%
Regions Southern Nations,Nationalities, and Peoples' Region
56%
Chartered Cities Dire Dawa
49%
Regions Gambela
36%
Regions Harari
36%
Regions Benishangul-Gumuz
31%
Regions Sidama
30%
Regions South West
29%
No matching quizzes found
Score Distribution
Percent of People with Each Score
Percentile by Number Answered
Your Score History
You have not taken this quiz